000 03114nab a2200301 i 4500
003 BR-BrBNA
005 20241007101850.0
008 241007b2018 bl.|r|pooa||| 00| 0 por |
040 _aBR-BrBNA
_bpor
072 _aL73
_b5400
072 _aL70
100 _aCaramalac, S.M.
100 _aFernandes, T.D.
100 _aPalumbo, M.I.P.
245 _aPolirradiculoneuropatia periférica desmielinizante associada ao uso de carbamazepina em cão: relato de caso
500 _aPublicação online; 14 ref.; Summaries (En, Pt)
520 _a RESUMO - Diversos fármacos são utilizados no tratamento da epilepsia e, assim como outros medicamentos, podem induzir a ocorrência de efeitos adversos, alguns tão graves que geram a necessidade de descontinuidade e substituição da terapia. A carbamazepina pode levar a alterações nos sistemas cardiovascular, respiratório e neurológico, sendo descritos na literatura casos de indução de miastenia gravis como distúrbio neuromuscular. Este estudo relata o caso de um cão que desenvolveu polirradiculoneuropatia desmielinizante, tendo como provável desencadeante a terapia com carbamazepina. O paciente apresentou tetraplegia, ausência de reflexos espinhais nos quatro membros, fraqueza cervical, diminuição do reflexo palpebral bilateral e esforço respiratório. A eletroneuromiografia demonstrou sinais de desmielinização. Este, portanto, é o primeiro relato de associação entre carbamazepina e polirradiculoneuropatia desmielinizante em cão. Palavras-chave: eletroneuromiografia, epilepsia, fármacos, polirradiculoneuropatia
520 _a ABSTRACT - Different drugs are used in the treatment of epilepsy and, like other drugs, may induce the occurrence of adverse effects, some of them so severe that the drug must be discontinued and replaced. Carbamazepine may lead to changes in the cardiovascular, respiratory, and neurological systems, and cases of induction of myasthenia gravis as a neuromuscular disorder have been described in the literature. This paper reports the case of a dog that developed demyelinating polyradiculoneuropathy, probably triggered by carbamazepine. The patient presented tetraplegia, absence of spinal reflexes in the four limbs, cervical weakness, decreased bilateral eyelid reflex and respiratory effort. Electroneuromyography showed signs of demyelination. This, therefore, is the first report of association between carbamazepine and demyelinating polyradiculoneuropathy in dogs. Keywords: electroneuromyography, epilepsy, drugs, polyradiculoneuropathy
650 _aCÃO
650 _aEPILEPSIA
650 _aSISTEMA NERVOSO
650 _aMEDICAMENTO
650 _aDISTÚRBIO ANIMAL
773 0 _01643
_9344976
_dBelo Horizonte-MG Universidade Federal de Minas Gerais - Escola de Veterinaria 1983
_o2024-5389
_tArquivo Brasileiro de Medicina Veterinária e Zootecnia (Brazil)
_x0102-0935
_gv. 70(6) p. 1754-1758; (2018)
_wBR2024002795
856 _uhttps://www.scielo.br/j/abmvz/a/stTWGgYfphT4mrYrPH4YyLN/?format=pdf&lang=pt
942 _cANA
999 _c327962
_d327962